000 00770cam a22002653a 4500
001 5163
003 PGUSA
005 20140828083114.0
008 040201s2004||||xxu|||||s|||||000 1 eng d
040 _aPGUSA
_beng
042 _adc
050 4 _aPS
100 1 _aReeve, Arthur B.
_q(Arthur Benjamin),
_d1880-1936
245 1 0 _aGuy Garrick
_h[electronic resource] /
_cArthur B. Reeve
260 _bProject Gutenberg,
_c2004
506 _aPublic domain in the USA.
516 _aElectronic text
653 _aDetective and mystery stories
653 _aKidnapping -- Fiction
653 _aCriminal investigation -- Fiction
653 _aGambling -- Fiction
830 0 _aProject Gutenberg
_v5163
856 4 0 _uhttp://www.gutenberg.org/ebooks/5163
942 _cEB
999 _c234492
_d234492